| Tag |
First Indicator |
Second Indicator |
Subfields |
| LEADER |
00000cam a22000005i 4500 |
| 001 |
in00003729913 |
| 005 |
20210728125911.0 |
| 006 |
m o d |
| 007 |
cr nn 008mamaa |
| 008 |
151029s2008 xxk| o |||| 0|eng d |
| 020 |
|
|
|a 9780230584211
|9 978-0-230-58421-1
|
| 024 |
7 |
|
|a 10.1057/9780230584211
|2 doi
|
| 035 |
|
|
|a (DE-He213)978-0-230-58421-1
|
| 035 |
|
|
|a 5308158
|
| 040 |
|
|
|d UtOrBLW
|
| 072 |
|
7 |
|a KCP
|2 bicssc
|
| 072 |
|
7 |
|a POL024000
|2 bisacsh
|
| 082 |
0 |
4 |
|a 338.9
|2 23
|
| 090 |
|
|
|a HC173
|b .S345 2008
|
| 100 |
1 |
|
|a Schelhase, Marc,
|e author.
|
| 245 |
1 |
0 |
|a Globalization, Regionalization and Business :
|b Conflict, Convergence and Influence /
|c by Marc Schelhase.
|
| 264 |
|
1 |
|a London :
|b Palgrave Macmillan UK :
|b Imprint: Palgrave Macmillan,
|c 2008.
|
| 300 |
|
|
|a 1 online resource (XIII, 205 pages)
|
| 336 |
|
|
|a text
|b txt
|2 rdacontent
|
| 337 |
|
|
|a computer
|b c
|2 rdamedia
|
| 338 |
|
|
|a online resource
|b cr
|2 rdacarrier
|
| 347 |
|
|
|a text file
|b PDF
|2 rda
|
| 490 |
1 |
|
|a International political economy series
|
| 500 |
|
|
|a Electronic resource.
|
| 520 |
|
|
|a The book provides new insight into the role of organised business interests. It supports the concept of political economy and demonstrates how it transcends the limitations of CPE or IPE, to form a coherent whole. The book maps the conflict, convergence and influence of organized business interests in the context of regional integration.
|
| 650 |
1 |
4 |
|a Economics.
|
| 650 |
2 |
4 |
|a Economic Policy.
|
| 650 |
2 |
4 |
|a Globalization.
|
| 650 |
2 |
4 |
|a International Relations.
|
| 650 |
2 |
4 |
|a Political Economy.
|
| 650 |
2 |
4 |
|a Political Science.
|
| 650 |
2 |
4 |
|a Sociology, general.
|
| 650 |
|
0 |
|a Economic policy.
|0 http://id.loc.gov/authorities/subjects/sh85040837
|
| 650 |
|
0 |
|a Economics.
|0 http://id.loc.gov/authorities/subjects/sh85040850
|
| 650 |
|
0 |
|a Globalization.
|0 http://id.loc.gov/authorities/subjects/sh99010179
|
| 650 |
|
0 |
|a International relations.
|0 http://id.loc.gov/authorities/subjects/sh85067435
|
| 650 |
|
0 |
|a Political science.
|0 http://id.loc.gov/authorities/subjects/sh85104440
|
| 650 |
|
0 |
|a Sociology.
|0 http://id.loc.gov/authorities/subjects/sh85124200
|
| 655 |
|
7 |
|a Electronic books.
|2 local
|
| 710 |
2 |
|
|a SpringerLink (Online service)
|0 http://id.loc.gov/authorities/names/no2005046756
|
| 773 |
0 |
|
|t Springer eBooks
|
| 776 |
1 |
8 |
|i Printed edition:
|z 9781349364497
|
| 830 |
|
0 |
|a International political economy series.
|0 http://id.loc.gov/authorities/names/n86724070
|
| 856 |
4 |
0 |
|u http://proxy.library.tamu.edu/login?url=https://dx.doi.org/10.1057/9780230584211
|z Connect to the full text of this electronic book
|t 0
|
| 999 |
f |
f |
|s b3715045-1b11-3ac6-8eb3-b5bef2ed99a4
|i a3adf5f7-eda3-35de-9007-7bc4678f4f02
|t 0
|
| 952 |
f |
f |
|a Texas A&M University
|b College Station
|c Electronic Resources
|d Available Online
|t 0
|e HC173 .S345 2008
|h Library of Congress classification
|
| 998 |
f |
f |
|a HC173 .S345 2008
|t 0
|l Available Online
|